| 000 | 00381nam a2200145 i 4500 | ||
|---|---|---|---|
| 001 | bg | ||
| 100 | 1 | _aOBUCHOV, Viktor A. | |
| 245 | 0 |
_aPol'sko-russkij slovar' po elektrotechnike i elektronike / _cV.A. Obuchov, J.M. Judin. |
|
| 260 |
_aMoskva, _c1988. |
||
| 700 | 1 | _aJUDIN, Igor M. | |
| 040 | _cBPK | ||
| 041 | _apol | ||
| 942 | _cKS | ||
| 008 | s pl f |000 0 pol | ||
| 999 |
_c28799 _d28799 |
||